Registrar la identidad: el patrimonio cultural inmaterial en Chile
Պահպանված է:
| Հիմնական հեղինակներ: | , |
|---|---|
| Ձևաչափ: | Գիրք |
| Լեզու: | իսպաներեն |
| Հրապարակվել է: |
Valparaíso
Consejo Nacional de la Cultura y las Artes
2009
|
| Հրատարակություն: | 1a. ed |
| Շարք: | Patrimonio
|
| Խորագրեր: | |
| Ցուցիչներ: |
Ավելացրեք ցուցիչ
Չկան պիտակներ, Եղեք առաջինը, ով նշում է այս գրառումը!
|
MARC
| LEADER | 00000nam a2200000 a 4500 | ||
|---|---|---|---|
| 001 | UCG0421 | ||
| 003 | CL-VaPUC | ||
| 008 | 100325e20090000CL |||||||||||||||||spa|d | ||
| 020 | |a 9789568327422 | ||
| 082 | 0 | 4 | |a 306 |b ALB |2 21 |
| 100 | 0 | |a Albornoz Cuevas, César |e author |9 547834 | |
| 700 | 0 | |a Sandoval Díaz, Rodrigo |e author |9 547835 | |
| 245 | 1 | 0 | |a Registrar la identidad: el patrimonio cultural inmaterial en Chile |
| 250 | |a 1a. ed | ||
| 300 | |a 93 p | ||
| 942 | |c BK | ||
| 945 | |d 20100325 00:00:00 |a rbrito | ||
| 260 | |a Valparaíso |b Consejo Nacional de la Cultura y las Artes |c 2009 | ||
| 650 | 0 | |a Patrimonio cultural |9 309364 | |
| 650 | 0 | |a Cultura |9 269059 | |
| 650 | 7 | |a PATRIMONIO INMATERIAL |2 CL-VaPUC |9 523072 | |
| 583 | |a last modification |c 20121217 08:14:16 |k Rodrigo Vera | ||
| 490 | 0 | |a Patrimonio | |
| 999 | |c 340060 |d 340058 | ||
| 952 | |0 0 |1 0 |4 0 |6 306_000000000000000_ALB_2009 |7 0 |8 A |9 434419 |a BIBCUR |b BIBCUR |d 2019-11-22 |i 4654277 |l 2 |o 306 ALB 2009 |p 4654277 |r 2025-04-22 |s 2024-05-29 |w 2019-11-22 |y BK |k PER | ||
| 952 | |0 0 |1 0 |4 0 |6 306_000000000000000_ALB_2009 |7 0 |8 A |9 434420 |a BIBGIM |b BIBGIM |d 2019-11-22 |i 4654293 |o 306 ALB 2009 |p 4654293 |r 2025-01-15 |w 2019-11-22 |y BK |k SSL | ||
| 952 | |0 0 |1 0 |4 0 |6 306_000000000000000_ALB_2009 |7 0 |8 A |9 434421 |a BIBHIS |b BIBHIS |d 2019-11-22 |i 4654315 |o 306 ALB 2009 |p 4654315 |r 2025-01-20 |w 2019-11-22 |y BK |k HIS | ||
| 952 | |0 0 |1 0 |4 0 |6 306_000000000000000_ALB_2009 |7 0 |8 X |9 434422 |a FDOBUD |b FDOBUD |d 2019-11-22 |i 4654331 |o 306 ALB 2009 |p 4654331 |r 2019-11-22 |w 2019-11-22 |y BK_X |k BUD | ||
| 952 | |0 0 |1 0 |4 0 |6 306_000000000000000_ALB_2009 |7 0 |8 X |9 434423 |a FDOMLP |b FDOMLP |d 2019-11-22 |i 4654358 |o 306 ALB 2009 |p 4654358 |r 2019-11-22 |w 2019-11-22 |y BK_X |k BU2 | ||
| 952 | |0 0 |1 0 |4 0 |6 306_000000000000000_ALB_2009 |7 0 |8 A |9 434424 |a BIBEDU |b BIBEDU |d 2019-11-22 |i 4654374 |o 306 ALB 2009 |p 4654374 |r 2019-11-22 |w 2019-11-22 |y BK |k LIT | ||
| 952 | |0 0 |1 0 |4 0 |6 306_000000000000000_ALB_2009 |7 0 |8 A |9 434425 |a BIBEDU |b BIBEDU |d 2019-11-22 |i 4654390 |o 306 ALB 2009 |p 4654390 |r 2023-01-12 |w 2019-11-22 |y BK |k MUS | ||
| 952 | |0 0 |1 0 |4 0 |6 306_000000000000000_ALB_2009 |7 0 |8 A |9 434426 |a BIBEDU |b BIBEDU |d 2019-11-22 |i 4654412 |o 306 ALB 2009 |p 4654412 |r 2019-11-22 |w 2019-11-22 |y BK |k PSI | ||
| 952 | |0 0 |1 0 |4 0 |6 306_000000000000000_ALB_2009 |7 0 |8 A |9 434427 |a BIBTEO |b BIBTEO |d 2019-11-22 |i 4654439 |o 306 ALB 2009 |p 4654439 |r 2025-01-17 |w 2019-11-22 |y BK |k ICR | ||
| 952 | |0 0 |1 0 |4 0 |6 306_000000000000000_ALB_2009 |7 0 |8 X |9 434428 |a FDOBUD |b FDOBUD |d 2019-11-22 |i 4718755 |o 306 ALB 2009 |p 4718755 |r 2019-11-22 |w 2019-11-22 |y BK_X |k BUD | ||